000
00347nam a2200145Ia 4500
008
220216s9999 xx 000 0 und d
100
_a
Smee A R
245
0
_a
More about rubber in railways - 1
260
_b
Rubber Developments
_c
1959
300
_a
99-101
650
_a
Pneumatic tyres
650
_a
Railways
650
_a
Rubber
942
_c
JS
999
_c
63253
_d
63253